| 000 | 01121cam a2200361 a 4500 | ||
|---|---|---|---|
| 001 | 6152 | ||
| 003 | FISKH | ||
| 005 | 20250320111001.0 | ||
| 008 | 900202s1990 nyua j 000 0 eng | ||
| 010 | _a 90032066 | ||
| 020 | _a0805014136 (acidfree paper) : | ||
| 040 |
_aDLC _cDLC _dDLC _beng |
||
| 050 | _aPZ8.H11935 J | ||
| 082 | _a782.42 | ||
| 100 | _aHague, Michael | ||
| 245 | 1 | 0 |
_aJingle bells / _cillustrated by Michael Hague. |
| 260 |
_aNew York : _bHenry Holt, _c1990. |
||
| 300 |
_a22 unnumbered pages : _bcolor illustrations ; _c26 cm |
||
| 500 | _aComposed by James Pierpont in 1850 and first published in 1857. | ||
| 505 | _aD | ||
| 520 | _aAn illustrated version of the famous Christmas song. | ||
| 521 | 8 |
_a160
_bLexile estimate |
|
| 521 | 8 |
_aD
_bRaz-Plus |
|
| 650 | 0 |
_aChildren's songs, English _xTexts. |
|
| 650 | 0 |
_aChristmas music _xTexts. |
|
| 650 | 1 | _aAmerican songs. | |
| 650 | 1 | _aChristmas music. | |
| 650 | 1 | _aSong texts. | |
| 700 | 1 |
_aHague, Michael, _eillustrator |
|
| 906 |
_a7 _bcbc _corignew _d1 _eocip _f19 _gy-gencatlg |
||
| 942 |
_2ddc _cBK _n0 |
||
| 999 |
_c6152 _d6152 |
||